000 00304nam a22001217a 4500
008 171006b xxu||||| |||| 00| 0 eng d
041 _aeng
080 _a159.9
100 _a49
101 _apsi
245 _aFUNDAMENTALS PSYCHOLOGY THE BRAIN TH EPERSONS THE WORLD
_cKOSSLYN.S.M
942 _2udc
_cBK
999 _c32303
_d32303